| 000 | 00739nam a22001817a 4500 | ||
|---|---|---|---|
| 005 | 20241010162156.0 | ||
| 010 | _aHIN-128565 | ||
| 020 |
_a9789356846241 _c200.00 |
||
| 035 | _aHN-100911 | ||
| 037 | _bDBAD | ||
| 082 | _a827 | ||
| 100 |
_aमित्तल, विजय _972615 |
||
| 245 |
_aआईना / _cविजय मित्तल |
||
| 260 |
_aनई दिल्ली _bडायमंड पॉकेट बुक्स _c2023 |
||
| 270 |
_aX-30, ओखला इंडस्ट्रियल एरिया, फेज-2 _bनई दिल्ली _e110020 _k011-40712200 _msales@dpb.in |
||
| 300 |
_a141 पृ. _c22 सेमी (अजिल्द) |
||
| 942 |
_cHN _2ddc _h827 _mमित्तल |
||
| 999 |
_c206279 _d206279 |
||